baby names: minerals - Statistics

General Stats
  • This quiz has been taken 50 times
  • The average score is 3 of 8
Answer Stats
Name % Correct
Ruby
84%
Jade
70%
Opal
67%
Jasper
40%
Onyx
28%
Cole
5%
Esmeralda
5%
Clayton
2%
No matching quizzes found
Score Distribution
Percent of People with Each Score
Percentile by Number Answered
Your Score History
You have not taken this quiz